Slough office quarterly report. - January - April; October - December 1994. (Record no. 91972)

MARC details
000 -LEADER
fixed length control field 00613cam a2200217 4500
001 - CONTROL NUMBER
control field J1995
008 - FIXED-LENGTH DATA ELEMENTS--GENERAL INFORMATION
fixed length control field 090401t1994 xxu||||| |||| 00| 0 eng d
035 ## - SYSTEM CONTROL NUMBER
System control number (Sirsi) u46668
041 ## - LANGUAGE CODE
Language code of text/sound track or separate title eng
050 ## - LIBRARY OF CONGRESS CALL NUMBER
Classification number 333.3370942297
110 ## - MAIN ENTRY--CORPORATE NAME
Corporate name or jurisdiction name as entry element Lambert Smith Hampton
9 (RLIN) 2865
245 ## - TITLE STATEMENT
Title Slough office quarterly report. - January - April; October - December 1994.
260 ## - PUBLICATION, DISTRIBUTION, ETC.
Place of publication, distribution, etc. Slough
Name of publisher, distributor, etc. Lambert Smith Hampton
Date of publication, distribution, etc. 1994
300 ## - PHYSICAL DESCRIPTION
Extent 4 pt. ; 30cm.
350 ## - PRICE (NR) (BK AM CF MU VM SE) [OBSOLETE]
Price 0
520 ## - SUMMARY, ETC.
Summary, etc. December issue contains annual review.
650 ## - SUBJECT ADDED ENTRY--TOPICAL TERM
Topical term or geographic name entry element OFFICES
690 ## - LOCAL SUBJECT ADDED ENTRY--TOPICAL TERM (OCLC, RLIN)
Topical term or geographic name as entry element PROPERTY-COMMERCIAL PROPERTY
942 ## - ADDED ENTRY ELEMENTS (KOHA)
Suppress in OPAC 0
948 ## - LOCAL PROCESSING INFORMATION (OCLC); SERIES PART DESIGNATOR (RLIN)
c (OCLC) 04/03/1997
Holdings
Withdrawn status Lost status Source of classification or shelving scheme Damaged status Not for loan Home library Current library Shelving location Date acquired Total Checkouts Full call number Barcode Date last seen Copy number Price effective from Koha item type
    Dewey Decimal Classification     London London Property market reports 18/01/1994   PROPERTY MARKET REPORTS 30040543 06/08/2019 1 06/08/2019 Book
    Dewey Decimal Classification     London London Property market reports 21/04/1994   PROPERTY MARKET REPORTS 30041378 06/08/2019 2 06/08/2019 Book
    Dewey Decimal Classification     London London Property market reports 14/10/1994   PROPERTY MARKET REPORTS 30042779 06/08/2019 3 06/08/2019 Book
    Dewey Decimal Classification     London London Property market reports 23/01/1995   PROPERTY MARKET REPORTS 30048154 06/08/2019 4 06/08/2019 Book